Cidades dos clubes campeões da CONMEBOL Libertadores - Statistics

Estatísticas Gerais
  • Esse quiz foi jogado 266 vezes
  • A pontuação média é 12 de 14
Estatísticas das Respostas
Clubes País Cidade % Correto
Corinthians, Palmeiras, São Paulo Brasil São Paulo
98%
Argentinos Juniors, Boca Juniors, River Plate, San Lorenzo, Vélez Sarsfield Argentina Buenos Aires
97%
Flamengo, Vasco da Gama Brasil Rio de Janeiro
97%
Santos Brasil Santos
97%
Atlético Mineiro, Cruzeiro Brasil Belo Horizonte
96%
Grêmio, Internacional Brasil Porto Alegre
96%
LDU Equador Quito
93%
Colo-Colo Chile Santiago
92%
Nacional, Peñarol Uruguai Montevidéu
91%
Olimpia Paraguai Assunção
90%
Atlético Nacional Colômbia Medellín
83%
Estudiantes Argentina La Plata
71%
Independiente, Racing Argentina Avellaneda
63%
Once Caldas Colômbia Manizales
29%
Nenhum quiz correspondente encontrado
Distribuição das Pontuações
Porcentagem de Pessoas com Cada Pontuação
Percentil de Números Respondidos
Sua Pontuação Histórica
Você não jogou esse quiz